000 00348 a2200145 4500
999 _c4980
_d4980
020 _a9780099590613
050 _aPZ 7 MCE 1994
100 _aMcEwan, Ian
_eauthor
245 _aThe Daydreamer /
_cIan McEwan
264 _aLondon:
_bVintage,
_c1994
300 _a144p.:
500 _aNo index
650 _aShort stories
942 _2lcc
_cBK
_h7
_iMCE
_kPZ